EL HERALDO DE MÉXICO (Registro nro. 68731)

Detalles MARC
000 -CABECERA
campo de control de longitud fija 00555nam a22001697a 4500
008 - DATOS DE LONGITUD FIJA--INFORMACIÓN GENERAL
campo de control de longitud fija 260701b mx o|||| |||| 001 0 spa d
040 ## - FUENTE DE LA CATALOGACIÓN
Lengua de catalogación spa
082 04 - NÚMERO DE LA CLASIFICACIÓN DECIMAL DEWEY
Número de clasificación 972.45
Número de documento/Ítem H47
245 ## - MENCIÓN DE TÍTULO
Título EL HERALDO DE MÉXICO
260 ## - PUBLICACIÓN, DISTRIBUCIÓN, ETC.
Lugar de publicación, distribución, etc. MÉXICO
Nombre del editor, distribuidor, etc. GOBIERNO DEL ESTADO DE QUERÉTARO
300 ## - DESCRIPCIÓN FÍSICA
Extensión 251
Dimensiones 23 cm x 17 cm
336 ## - TIPO DE CONTENIDO
Fuente rdacontent
Término de tipo de contenido texto
Código de tipo de contenido txt
337 ## - TIPO DE MEDIO
Fuente rdamedia
Nombre/término del tipo de medio sin mediación
Código del tipo de medio n
338 ## - TIPO DE SOPORTE
Fuente rdacarrier
Nombre/término del tipo de soporte volumen
Código del tipo de soporte nc
650 ## - PUNTO DE ACCESO ADICIONAL DE MATERIA--TÉRMINO DE MATERIA
Término de materia o nombre geográfico como elemento de entrada GEOGRAFÍA E HISTORIA
Subdivisión de forma HISTORIA GENERAL DE AMÉRICA DEL NORTE
Subdivisión general MESOAMÉRICA (AMÉRICA MEDIA) MÉXICO
942 ## - ELEMENTOS DE PUNTO DE ACCESO ADICIONAL (KOHA)
Fuente del sistema de clasificación o colocación Dewey Decimal Classification
Tipo de ítem Koha Colección Querétaro
Existencias
Estado de retiro Estado de pérdida Fuente del sistema de clasificación o colocación Estado dañado No para préstamo Código de colección Localización permanente Ubicación/localización actual Fecha de adquisición Total de préstamos Signatura topográfica completa Fecha visto por última vez Número de copia Precio válido a partir de Tipo de ítem Koha
    Dewey Decimal Classification   Préstamo en Sala Colección Juvenil – Adulto BIBLIOTECA PÚBLICA CENTRAL ESTATAL “FRANCISCO CERVANTES” BIBLIOTECA PÚBLICA CENTRAL ESTATAL “FRANCISCO CERVANTES” 07/01/2026   972.45 H47 07/01/2026 EJ. 1 07/01/2026 Colección Querétaro
    Dewey Decimal Classification   Préstamo en Sala Colección Juvenil – Adulto BIBLIOTECA PÚBLICA CENTRAL ESTATAL “FRANCISCO CERVANTES” BIBLIOTECA PÚBLICA CENTRAL ESTATAL “FRANCISCO CERVANTES” 07/01/2026   972.45 H47 07/01/2026 EJ. 2 07/01/2026 Colección Querétaro
    Dewey Decimal Classification   Préstamo en Sala Colección Juvenil – Adulto BIBLIOTECA PÚBLICA CENTRAL ESTATAL “FRANCISCO CERVANTES” BIBLIOTECA PÚBLICA CENTRAL ESTATAL “FRANCISCO CERVANTES” 07/01/2026   972.45 H47 07/01/2026 EJ. 3 07/01/2026 Colección Querétaro